000 00647nam a2200241 i 4500
001 bg
100 1 _aGilewicz, Janusz.
245 1 0 _aMatematyka z zastosowaniami w naukach ekonomicznych.
_nT. 1 /
_cJanusz Gilewicz.
260 _aKoszalin ;
_aKołobrzeg :
_b"Epsilon",
_c1998.
300 _a295 s. :
_brys., wykr., err. ;
_c24 cm.
504 _aBibliogr. s. 295.
650 9 _aMatematyka
655 _aPodręczniki akademickie
020 _a8391086607
040 _cBPK
041 0 _apol
044 _aPOL
080 _a51
080 _a(075.8)
920 _a83-910866-0-7
942 _cKS
008 s pl f |000 0 pol
999 _c53918
_d53918
856 _uhttp://koha.tu.koszalin.pl/cgi-bin/koha/opac-detail.pl?biblionumber=53918
_yKatalog online BPK